New Trends in Circular Economy in Slovakia

Nové trendy v cirkulácii hospodárstva Slovenskej republiky. Na zlepšenie trvalej udržateľnosti plastov možno použiť celý rad politických nástrojov vrátane nariadení, trhových nástrojov, informácií a dobrovoľných nástrojov.

Enregistré dans:
Détails bibliographiques
Auteur principal: Kmety Barteková, Mária, 1992-
Format: Chapitre de livre
Langue:anglais
Sujets:
Tags: Ajouter un tag
Pas de tags, Soyez le premier à ajouter un tag!

MARC

LEADER 00000naa$a2200000$$$4500
001 0281069
005 20240530065207.4
041 0 |a eng 
044 |a CZ 
245 1 0 |a New Trends in Circular Economy in Slovakia  |c Mária Kmety Barteková 
520 |a Nové trendy v cirkulácii hospodárstva Slovenskej republiky. Na zlepšenie trvalej udržateľnosti plastov možno použiť celý rad politických nástrojov vrátane nariadení, trhových nástrojov, informácií a dobrovoľných nástrojov. 
610 2 0 |a hospodárstvo obehové 
610 2 0 |a rozvoj trvalo udržateľný 
610 2 0 |a plasty 
610 2 0 |a odpad 
100 1 |a Kmety Barteková, Mária, 1992-